[Event "Paracin op 16th"]
[Site "Paracin"]
[Date "2023.07.12"]
[Round "6"]
[White "Milosevic, Aleksandar J"]
[Black "Kheerthi, Ganta"]
[Result "1/2-1/2"]
[WhiteElo "2118"]
[BlackElo "2028"]
[PlyCount "104"]
[EventDate "2023.07.07"]
[EventType "swiss"]
[EventRounds "9"]
[EventCountry "SRB"]
[SourceTitle "EXT 2024"]
[Source "ChessBase"]
[SourceDate "2023.10.10"]
[SourceVersion "1"]
[SourceVersionDate "2023.10.10"]
[SourceQuality "1"]

1. e4 c6 2. d4 d5 3. exd5 cxd5 4. Bd3 Nc6 5. c3 Nf6 6. Bf4 Bg4 7. Qb3 Qd7 8. Nd2 e6 9. Ngf3 Bd6 10. Bxd6 Qxd6 11. 0-0 0-0 12. Rae1 Nd7 13. Qc2 g6 14. Re3 Rac8 15. Qb1 Bf5 16. Rfe1 b5 17. Ne5 b4 18. g4 bxc3 19. bxc3 Bxd3 20. Qxd3 Ndxe5 21. dxe5 Qd8 22. Rg3 f6 23. exf6 Qxf6 24. Qe3 e5 25. Rf3 Qh4 26. Rg3 Qf6 27. h3 Qd6 28. Rd1 Qe6 29. Nf3 e4 30. Nd4 Qf7 31. Nxc6 Rxc6 32. Qd4 Re6 33. Rd2 Rd8 34. Re3 Red6 35. Qe5 Qd7 36. Rd4 Re8 37. Qg3 Rc6 38. Qf4 Qe6 39. Qg5 Rd6 40. h4 Rf8 41. Rg3 Qf7 42. Qe3 Rf6 43. Rd2 Qb7 44. Qd4 Qf7 45. h5 Rf3 46. Rxf3 Qxf3 47. Qxd5+ Kg7 48. Qe5+ Kh6 49. hxg6 Qxg4+ 50. Qg3 Qxg3+ 51. fxg3 hxg6 52. Kg2 Rc8 1/2-1/2

[Event "Paracin op 16th"]
[Site "Paracin"]
[Date "2023.07.10"]
[Round "4"]
[White "Preobrazhenskaya, Diana"]
[Black "Milosevic, Aleksandar J"]
[Result "0-1"]
[WhiteElo "2008"]
[BlackElo "2118"]
[PlyCount "116"]
[EventDate "2023.07.07"]
[EventType "swiss"]
[EventRounds "9"]
[EventCountry "SRB"]
[SourceTitle "EXT 2024"]
[Source "ChessBase"]
[SourceDate "2023.10.10"]
[SourceVersion "1"]
[SourceVersionDate "2023.10.10"]
[SourceQuality "1"]

1. e4 c5 2. Nf3 g6 3. d4 cxd4 4. Nxd4 Nc6 5. Nc3 Bg7 6. Be3 Nf6 7. f3 0-0 8. Qd2 d5 9. Nxc6 bxc6 10. 0-0-0 Qa5 11. e5 Nd7 12. f4 Rb8 13. Qd4 Rb4 14. Qd2 Rb7 15. a3 f6 16. exf6 Nxf6 17. Bd4 Bh6 18. g3 Bg4 19. Be2 Rfb8 20. Bxf6 Rxb2 21. Bxg4 exf6 22. Be6+ Kh8 23. Qd3 Bg7 24. Rhe1 f5 25. Kd2 d4 26. Ke2 dxc3 27. Kf1 Qxa3 28. Bb3 Qc5 29. Re2 h5 30. Rde1 R8xb3 31. cxb3 Qd5 32. Qxd5 cxd5 33. Rxb2 cxb2 34. Ke2 h4 35. Kd3 Kh7 36. Kc2 Kh6 37. Rd1 h3 38. Rxd5 Bc3 39. Rd1 Bf6 40. b4 Kh5 41. b5 Kg4 42. Rd6 Bc3 43. Rxg6+ Kf3 44. Rg5 Kg2 45. Rxf5 Kxh2 46. g4 Kg3 47. Rh5 Kxg4 48. Rh7 Bd4 49. f5 Bf6 50. Rh6 Bg5 51. Rh7 Bh4 52. Rg7+ Kf3 53. f6 h2 54. f7 b1Q+ 55. Kxb1 h1Q+ 56. Kc2 Qh2+ 57. Kb1 Bf6 58. Rg3+ Kxg3 0-1

[Event "Gligoric Cup 9th"]
[Site "Paracin"]
[Date "2023.05.19"]
[Round "5.8"]
[White "Milosevic, Aleksandar J"]
[Black "Toth, Aleksandar"]
[Result "1/2-1/2"]
[WhiteElo "2082"]
[BlackElo "2320"]
[PlyCount "85"]
[EventDate "2023.05.16"]
[EventType "team-swiss"]
[EventRounds "5"]
[EventCountry "SRB"]
[SourceTitle "CBM 214 Extra"]
[Source "ChessBase"]
[SourceDate "2023.07.31"]
[SourceVersion "1"]
[SourceVersionDate "2023.07.31"]
[SourceQuality "1"]
[WhiteTeam "Jagodina Kablovi"]
[BlackTeam "Goracici Jelica"]
[WhiteTeamCountry "SRB"]
[BlackTeamCountry "SRB"]

1. e4 e5 2. Nf3 Nc6 3. d4 exd4 4. Nxd4 Nf6 5. Nxc6 bxc6 6. e5 Qe7 7. Qe2 Nd5 8. h4 Qe6 9. Nd2 d6 10. exd6 cxd6 11. Nc4 Nb4 12. Ne3 d5 13. c3 Ba6 14. Qd1 Bxf1 15. Kxf1 Na6 16. b4 Be7 17. Qd3 Nc7 18. Nf5 0-0-0 19. Be3 Bf6 20. Bxa7 Qe4 21. Qxe4 dxe4 22. Bd4 Bxd4 23. Nxd4 Kb7 24. Rh3 Nd5 25. Nb3 f5 26. a4 Nf4 27. Re3 h6 28. c4 g5 29. Nc5+ Ka8 30. g3 Ng6 31. b5 Ne5 32. Rc3 Rd2 33. b6 Ng4 34. b7+ Ka7 35. Rb3 e3 36. Rab1 exf2 37. Kg2 Rb8 38. a5 f4 39. gxf4 gxf4 40. Rb6 f1Q+ 41. Kxf1 Nh2+ 42. Ke1 Nf3+ 43. Kf1 1/2-1/2

[Event "SRB-chT 1st League CS"]
[Site "Banja Vrujci"]
[Date "2022.10.01"]
[Round "1.3"]
[White "Radovanovic, Jovica"]
[Black "Milosevic, Aleksandar J"]
[Result "1-0"]
[WhiteElo "2310"]
[BlackElo "2114"]
[PlyCount "93"]
[EventDate "2022.10.01"]
[EventType "team-tourn"]
[EventRounds "11"]
[EventCountry "SRB"]
[SourceTitle "CBM 210 Extra"]
[Source "ChessBase"]
[SourceDate "2022.11.30"]
[SourceVersion "1"]
[SourceVersionDate "2022.11.30"]
[SourceQuality "1"]
[WhiteTeam "Valjevo 2005"]
[BlackTeam "Jagodina Kablovi"]
[WhiteTeamCountry "SRB"]
[BlackTeamCountry "SRB"]

1. d4 Nf6 2. Nf3 g6 3. c4 c5 4. d5 b5 5. cxb5 a6 6. b6 d6 7. Nc3 Bg7 8. e4 Nbd7 9. Be2 0-0 10. 0-0 Rb8 11. Re1 Nxb6 12. Bf1 Qc7 13. h3 Nfd7 14. Bf4 Ne5 15. Nxe5 Bxe5 16. Bxe5 dxe5 17. Rc1 Qd6 18. Qc2 Bb7 19. Na4 Nxa4 20. Qxa4 Rfc8 21. Qa3 Rc7 22. Re3 Rbc8 23. Bc4 Ra8 24. Qa5 Bc8 25. Rb3 Rb7 26. Bf1 Rxb3 27. axb3 Rb8 28. Rxc5 Bd7 29. b4 Qb6 30. Rc7 Bb5 31. Qxb6 Rxb6 32. Rxe7 Bxf1 33. Kxf1 Rxb4 34. Rxe5 Kf8 35. Ke1 Rxb2 36. d6 Rb4 37. Re7 Rd4 38. e5 g5 39. Ke2 f6 40. Rxh7 fxe5 41. Rh5 Rxd6 42. Rxg5 Re6 43. Ke3 Kf7 44. Ke4 Rb6 45. Rxe5 Kf6 46. Ra5 Ke6 47. f4 1-0

[Event "SRB-ch sf"]
[Site "Paracin"]
[Date "2022.03.21"]
[Round "7"]
[White "Arsovic, Zoran"]
[Black "Milosevic, Aleksandar J"]
[Result "1-0"]
[WhiteElo "2360"]
[BlackElo "2135"]
[PlyCount "151"]
[EventDate "2022.03.17"]
[EventType "swiss"]
[EventRounds "9"]
[EventCountry "SRB"]
[SourceTitle "CBM 207 Extra"]
[Source "ChessBase"]
[SourceDate "2022.05.31"]
[SourceVersion "1"]
[SourceVersionDate "2022.05.31"]
[SourceQuality "1"]

1. Nf3 c5 2. c4 g6 3. e4 Bg7 4. d4 cxd4 5. Nxd4 Nc6 6. Be3 Nf6 7. Nc3 d6 8. Be2 0-0 9. 0-0 Bd7 10. Qd2 Nxd4 11. Bxd4 Bc6 12. f3 a5 13. b3 Nd7 14. Be3 Nc5 15. Rac1 Be5 16. Rfd1 e6 17. Bd4 Bxd4+ 18. Qxd4 Qb6 19. Kh1 Rfd8 20. Rb1 e5 21. Qe3 Qb4 22. Qc1 Ne6 23. Bf1 Qb6 24. a3 Kg7 25. Qb2 f6 26. Rd2 Nd4 27. h3 Kf7 28. Rd3 g5 29. Be2 Ne6 30. Qd2 Nc5 31. Qe3 Qa7 32. Rdd1 Ne6 33. Qd2 Qf2 34. Bf1 Qb6 35. Re1 h5 36. Qe3 Qxe3 37. Rxe3 h4 38. Kg1 Nd4 39. Bd3 Ne6 40. Kf2 Nf4 41. Bf1 Ne6 42. Ke1 Nd4 43. Kd2 Ne6 44. Kc2 Nd4+ 45. Kb2 Ne6 46. Rd1 Nf4 47. Rd2 Ke7 48. Re1 Ne6 49. Be2 Nf4 50. Bd1 Rab8 51. Bc2 Ra8 52. Red1 Ne6 53. b4 axb4 54. axb4 Nf4 55. Bb3 Be8 56. Rc1 Bf7 57. Nd1 Rac8 58. Ne3 Be6 59. Rcd1 b6 60. Rc2 Rb8 61. Ba4 Rbc8 62. Bb5 Ra8 63. Rcd2 Ra7 64. Bc6 Rc7 65. b5 Ra7 66. Kb3 Ra5 67. Kb4 Ra7 68. Kb3 Ra5 69. Nc2 Ra7 70. Nb4 Kf7 71. Rxd6 Rxd6 72. Rxd6 Nxg2 73. Bd5 Bxd5 74. Nxd5 Ra1 75. Kb2 Rh1 76. c5 1-0

[Event "SRB-ch sf"]
[Site "Paracin"]
[Date "2022.03.21"]
[Round "6"]
[White "Rabrenovic, Vladan"]
[Black "Milosevic, Aleksandar J"]
[Result "0-1"]
[WhiteElo "2299"]
[BlackElo "2135"]
[PlyCount "120"]
[EventDate "2022.03.17"]
[EventType "swiss"]
[EventRounds "9"]
[EventCountry "SRB"]
[SourceTitle "CBM 207 Extra"]
[Source "ChessBase"]
[SourceDate "2022.05.31"]
[SourceVersion "1"]
[SourceVersionDate "2022.05.31"]
[SourceQuality "1"]

1. d4 Nf6 2. Nf3 g6 3. Nbd2 c5 4. dxc5 Qa5 5. a3 Qxc5 6. b4 Qb6 7. Bb2 Bg7 8. e3 0-0 9. Be2 d6 10. 0-0 Nc6 11. c4 Bd7 12. Qb3 a5 13. b5 Nd8 14. a4 Ne6 15. Nd4 Nc5 16. Qa2 Qc7 17. N4b3 Be6 18. Nxc5 dxc5 19. Bf3 Rad8 20. Rad1 Rd7 21. Qb3 b6 22. Bc6 Ng4 23. Nf3 Rxd1 24. Rxd1 Bxb2 25. Qxb2 Bxc4 26. Rd7 Rd8 27. Rd2 Rxd2 28. Qxd2 Qd6 29. Qxd6 exd6 30. Nd2 Bd3 31. h3 Nf6 32. f3 c4 33. Kf2 c3 34. Nb3 Bc2 35. Nd4 Bd3 36. Ke1 Kf8 37. Ne2 c2 38. Nc1 Bc4 39. h4 Ke7 40. Kd2 d5 41. Kc3 Kd6 42. Kd4 Nh5 43. Kc3 Kc5 44. g4 Ng7 45. Bd7 h6 46. g5 hxg5 47. hxg5 Kd6 48. Bg4 Ne6 49. f4 Nc5 50. Be2 Nxa4+ 51. Kd4 Nb2 52. e4 Bxe2 53. e5+ Ke6 54. Nxe2 Nc4 55. Kc3 Kf5 56. Kxc2 Na3+ 57. Kd3 Nxb5 58. Ke3 a4 59. Kd3 a3 60. Kc2 Ke4 0-1

[Event "Paracin Amateur op"]
[Site "Paracin"]
[Date "2020.02.05"]
[Round "8"]
[White "Bilic, Milanko"]
[Black "Milosevic, Aleksandar J"]
[Result "1-0"]
[WhiteElo "1898"]
[BlackElo "1994"]
[PlyCount "163"]
[EventDate "2020.01.31"]
[EventType "swiss"]
[EventRounds "9"]
[EventCountry "SRB"]
[SourceTitle "CBM 194 Extra"]
[Source "ChessBase"]
[SourceDate "2020.03.31"]
[SourceVersion "1"]
[SourceVersionDate "2020.03.31"]
[SourceQuality "1"]

1. e4 c5 2. Nf3 Nc6 3. d4 cxd4 4. Nxd4 Nf6 5. Nc3 e5 6. Ndb5 d6 7. Be3 a6 8. Na3 b5 9. Nd5 Nxd5 10. exd5 Ne7 11. c4 Nf5 12. Bd2 Be7 13. Bd3 0-0 14. cxb5 Nd4 15. 0-0 Bb7 16. Bc3 Nxb5 17. Nxb5 axb5 18. Bxb5 Qb6 19. a4 Rfc8 20. Qf3 g6 21. Rfd1 f5 22. Bd7 Rc4 23. a5 Qc7 24. Be6+ Kg7 25. Qe3 Re4 26. Qb6 Qxb6 27. axb6 Rea4 28. b3 Rxa1 29. Rxa1 Rxa1+ 30. Bxa1 Bd8 31. b4 Bxb6 32. b5 f4 33. Kf1 Kf6 34. Bc3 Ke7 35. f3 Kd8 36. Bb4 Kc7 37. Ke2 Bg1 38. h3 h6 39. Kd3 Bd4 40. Kc4 Bb6 41. Be1 Kd8 42. Bb4 Ke7 43. Be1 Kd8 44. Bh4+ g5 45. Be1 Ke7 46. Kb4 h5 47. Ka4 Kd8 48. Bd2 Kc7 49. Bc3 Kd8 50. Bb4 Ke7 51. Kb3 Bc7 52. Kc4 Bb6 53. Bf5 Bc7 54. Be6 Bb6 55. Be1 Bc7 56. Bf2 Kf6 57. Bd7 Ke7 58. Bc6 Bc8 59. b6 Bb8 60. Kb5 Bf5 61. Ka6 Bc8+ 62. b7 Bf5 63. Ba7 Bc7 64. Bb5 e4 65. Bf1 e3 66. b8Q Bxb8 67. Bxb8 Bc2 68. Bc7 Bd1 69. Bd3 g4 70. hxg4 hxg4 71. fxg4 Bxg4 72. Be4 Be2+ 73. Kb6 Kd7 74. Bf5+ Ke7 75. Be4 Bc4 76. Kc6 e2 77. Bxd6+ Kf6 78. Bb4 Ke5 79. d6 Be6 80. Bf3 Kd4 81. d7 Bxd7+ 82. Kxd7 1-0

[Event "Paracin Amateur op"]
[Site "Paracin"]
[Date "2020.02.02"]
[Round "4"]
[White "Milosevic, Aleksandar J"]
[Black "Babic, Milana"]
[Result "1/2-1/2"]
[WhiteElo "1994"]
[BlackElo "1689"]
[PlyCount "139"]
[EventDate "2020.01.31"]
[EventType "swiss"]
[EventRounds "9"]
[EventCountry "SRB"]
[SourceTitle "CBM 194 Extra"]
[Source "ChessBase"]
[SourceDate "2020.03.31"]
[SourceVersion "1"]
[SourceVersionDate "2020.03.31"]
[SourceQuality "1"]

1. c4 Nf6 2. Nf3 d6 3. g3 Nbd7 4. Bg2 e5 5. Nc3 c6 6. 0-0 Be7 7. Rb1 a5 8. a3 0-0 9. b4 Qc7 10. e4 Nb6 11. d3 Bg4 12. Qb3 a4 13. Qc2 Nfd7 14. h3 Bh5 15. Nh2 Bg6 16. f4 exf4 17. Bxf4 Qd8 18. Nf3 Re8 19. Kh2 Nf6 20. Be3 Nfd7 21. Bf4 Nf8 22. Be3 Ne6 23. Nd4 Bf6 24. Nce2 Nxd4 25. Bxd4 Nd7 26. Bxf6 Nxf6 27. Nf4 Re5 28. Nxg6 hxg6 29. d4 Rh5 30. Bf3 Rh6 31. e5 Nh7 32. Kg2 dxe5 33. dxe5 Qg5 34. Rbe1 Rd8 35. Re2 Re8 36. Qxa4 Nf8 37. b5 Ne6 38. Bg4 Nd4 39. Ref2 cxb5 40. cxb5 Qxe5 41. Rf4 Qd5+ 42. Kh2 Nf5 43. Bxf5 gxf5 44. Rxf5 Qd7 45. g4 Re3 46. R5f3 Qd2+ 47. R1f2 Qd6+ 48. Kg2 Qd5 49. Qf4 Re7 50. Kh2 Qxb5 51. Qb8+ Re8 52. Qc7 f6 53. Qf4 Qd7 54. Rd2 Qe6 55. Qf5 Qxf5 56. gxf5 Re7 57. Rb2 g5 58. fxg6 Rxg6 59. Rfb3 Rgg7 60. Rg2 f5 61. Rxg7+ Kxg7 62. Kg3 Kg6 63. Kf4 Re4+ 64. Kf3 Ra4 65. Kg3 Kg5 66. Rc3 b5 67. Rb3 Kh5 68. Rf3 Kg5 69. Rb3 Kh5 70. Rf3 1/2-1/2

[Event "SRB-chT2 East"]
[Site "Serbia"]
[Date "2017.10.06"]
[Round "8.5"]
[White "Milosevic, Aleksandar J"]
[Black "Stankovic, Darko"]
[Result "1-0"]
[WhiteElo "1970"]
[BlackElo "1912"]
[PlyCount "51"]
[EventDate "2017.09.08"]
[EventType "team-tourn"]
[EventRounds "11"]
[EventCountry "SRB"]
[SourceTitle "EXT 2022"]
[Source "ChessBase"]
[SourceDate "2021.10.06"]
[SourceVersion "1"]
[SourceVersionDate "2021.10.06"]
[SourceQuality "1"]

1. e4 c5 2. Nf3 Nc6 3. d4 cxd4 4. Nxd4 Nf6 5. Nc3 e5 6. Ndb5 d6 7. Bg5 a6 8. Bxf6 gxf6 9. Na3 b5 10. Nd5 Bg7 11. c3 Be6 12. Nc2 f5 13. a4 Bxd5 14. Qxd5 Ne7 15. Qd2 0-0 16. axb5 axb5 17. Rd1 Ra6 18. Nb4 Rb6 19. exf5 Nxf5 20. Nd5 Rb7 21. Bd3 Bh6 22. Qe2 Nh4 23. g3 Ng6 24. h4 Re8 25. Be4 Rb8 26. Qh5 1-0